Translation of ALGOL 60 /
Guardado en:
| Autor Principal: | |
|---|---|
| Otros Autores: | , , |
| Formato: | Libro |
| Idioma: | English |
| Publicado: |
New York :
Springer,
1967.
|
| Series: | Handbook for automatic computation ;
v. 1, pt. b Die Grundlehren der mathematischen Wissenschaften in Einzeldarstellungen mit besonderer Berücksichtigung der Anwendungsgebiete ; Bd. 137 |
| Materias: | |
| Etiquetas: |
Agregar Etiqueta
Sin Etiquetas, Sea el primero en etiquetar este registro!
|
| LEADER | 00896cam a22002295 4500 | ||
|---|---|---|---|
| 001 | MAT.inmabb001948 | ||
| 008 | 690702s1967####nyu######b####001#0#eng#d | ||
| 005 | 20160607161043.0 | ||
| 245 | 1 | 0 | |a Translation of ALGOL 60 / |c A. A. Grau, U. Hill, H. Langmaack ; chief editor, K. Samelson. |
| 260 | |a New York : |b Springer, |c 1967. | ||
| 300 | |a ix, 397 p. ; |c 24 cm. | ||
| 440 | 0 | |a Handbook for automatic computation ; |v v. 1, pt. b | |
| 440 | 4 | |a Die Grundlehren der mathematischen Wissenschaften in Einzeldarstellungen mit besonderer Berücksichtigung der Anwendungsgebiete ; |v Bd. 137 | |
| 504 | |a Bibliografía: p. [378]-386. | ||
| 100 | 1 | |a Grau, Albert A. | |
| 700 | 1 | |a Hill, Ursula. | |
| 700 | 1 | |a Langmaack, Hans. | |
| 700 | 1 | |a Samelson, Klaus, |d 1918-1980. |4 edt | |
| 084 | |a 68N15 |2 msc2000 | ||
| 650 | 0 | |a ALGOL (Computer program language) | |
| 010 | |a 70383792 | ||
| 859 | |h 68 |i G774 |p A-3565 |b BIB. MATEMATICA | ||
